Nové pravidlá IFRS pre koncesné zmluvy týkajúce sa verejnej infraštruktúry

Nová interpretácia vydaná 30.11. 2006, prináša pomerne zásadné zmeny v účtovaní a vykazovaní koncesných zmlúv týkajúcich sa fungovania verejnej infraštruktúry.Teoretický výklad pravidiel, ktoré vychádzajú z textu interpretácie. Ilustračný príklad jedného účtovného riešenia.

Saved in:
Bibliographic Details
Main Author: Mokošová, Daša, 1979-
Other Authors: Vašek, Libor
Format: Book Chapter
Language:Slovak
Subjects:
Tags: Add Tag
No Tags, Be the first to tag this record!

MARC

LEADER 00000naa$a2200000$$$4500
001 0054950
005 20240502071630.1
041 0 |a slo 
044 |a SK 
245 1 0 |a Nové pravidlá IFRS pre koncesné zmluvy týkajúce sa verejnej infraštruktúry  |c Daša Mokošová, Libor Vašek 
520 |a Nová interpretácia vydaná 30.11. 2006, prináša pomerne zásadné zmeny v účtovaní a vykazovaní koncesných zmlúv týkajúcich sa fungovania verejnej infraštruktúry.Teoretický výklad pravidiel, ktoré vychádzajú z textu interpretácie. Ilustračný príklad jedného účtovného riešenia. 
610 2 0 |a účtovanie 
610 2 0 |a zmluvy 
610 2 0 |a koncesie 
610 2 0 |a pravidlá účtovné 
610 2 0 |a normy účtovné 
610 2 0 |a infraštruktúra 
610 2 0 |a výkazy účtovné 
610 2 0 |a štandardy účtovné medzinárodné 
100 1 |a Mokošová, Daša, 1979- 
700 1 |a Vašek, Libor